| 000 | 00639nam a22001937a 4500 | ||
|---|---|---|---|
| 999 |
_c524849 _d524849 |
||
| 003 | NUST | ||
| 005 | 20190630134009.0 | ||
| 008 | 190626b ||||| |||| 00| 0 eng d | ||
| 038 | _aMr. Noman Tariq | ||
| 082 | _a621.39 | ||
| 100 |
_aEjaz, Adeel _916079 |
||
| 245 |
_aFingerprint Matching Using Relaxation Local Greedy Search &Automated Detection of Partial Fingerprint Images/ _cAdeel Ejaz. |
||
| 260 |
_aIslamabad: _bEME - NUST, _cIslamabad. |
||
| 300 |
_aviii, 37 p. : ill. ; _c35 cm. |
||
| 500 | _aHard Cover. | ||
| 650 |
_aComputer Engineering -Ms Thesis. _916083 |
||
| 700 |
_aDr. Muhammad Usman Akram _916084 |
||
| 942 |
_2ddc _cTHE |
||